000 01244nam a22003977a 4500
001 0007782
003 KOHA_MİRAKIL
005 20260207001610.0
007 ta
008 091005b1993 tu |||gr||||#||||0|tur |
020 _a9755640061
_c0,01
040 _aTR-BiSEU
_btur
_cTR-BiSEU
_erda
041 0 _atur
044 _ctu
050 _aHG4026
_b.C49 1993
100 1 _aCeylan, Ali.
245 1 _aFinansal teknikler/
_cAli Ceylan ; Ali Ceylan.
264 1 _aBursa :
_bUludağ Ünv.
_c1993
300 _aXIV, 258 sayfa
336 _ametin
_btxt
_2rdacontent
337 _aaracısız
_bn
_2rdamedia
338 _acilt
_bnc
_2rdacarrier
490 1 _aUludağ Üniversitesi Güçlendirme Vakfı yayın ;
_vno.
490 1 _a75.
490 1 _aU.Ü.İ.İ.B.F.
490 1 _aİşletme İktisadı ve Muhasebe Araştırma ve Ugulama Merkezi yayın ;
_vno.
490 1 _a76.
500 _aKaynakça var.
650 0 _aİşletmeler Finans.
_96459
830 1 _aUludağ Üniversitesi Güçlendirme Vakfı yayın ;
_vno.
_92959
830 1 _a75.
_97339
830 1 _aU.Ü.İ.İ.B.F.
_99333
830 1 _aİşletme İktisadı ve Muhasebe Araştırma ve Ugulama Merkezi yayın ;
_vno.
_919335
830 1 _a76.
_96534
942 _2lcc
_cBK
999 _c7759
_d7759